Geography Quiz

Random Geography or World Quiz

🎴 Capitals far of London Quiz Stats

 Plays Quiz not verified by Sporcle

Score 0/26 Timer 10:00
0 Plays Today
% Correct
Canberra
97.9%
Wellington
95.7%
Jakarta
93.6%
Santiago
93.6%
Montevideo
91.5%
Port-Moresby
89.4%
Buenos Aires
89.4%
Dili
87.2%
Suva
87.2%
Lima
87.2%
Asunción
87.2%
Kuala Lumpur
83%
Manila
83%
% Correct
Singapore
80.9%
Funafuti
78.7%
Apia
78.7%
Bandar Seri Begawan
76.6%
Tarawa
76.6%
Nuku'alofa
74.5%
Melekeok
72.3%
Palikir
72.3%
Port Vila
72.3%
Majuro
68.1%
Yaren
68.1%
Honiara
63.8%
Phnom Penh
57.1%

You're not logged in!

Compare scores with friends on all Sporcle quizzes.
OR
Log In

You Might Also Like...

Show Comments

Extras

Top Quizzes Today


Score Distribution

Your Account Isn't Verified!

In order to create a playlist on Sporcle, you need to verify the email address you used during registration. Go to your Sporcle Settings to finish the process.

Report this User

Report this user for behavior that violates our Community Guidelines.

Details: